00932nam a2200253 i 4500001001000000003000900010005001700019007000300036008004100039040003000080082001800110245008800128264007100216300005000287336002700337337003300364338002800397590002800425700004300453910000700496942001400503952014400517999001700661000030485DO-SdBNP20230530093648.0ta110518s1980 dr ac 000 0 spa d aDO-SdBNPbspacBNPHUerda axxxbC96622201aCuidado y desarrollo del niño :bguía de salud /cedición Clara Leyda Alfonso aSanto Domingo :bConsejo Nacional para la Niñez (CONANI),c1980. a60 paginas :bilustrado., retratos. ;c22 cm. 2rdacontentatextobtxt 2rdamediaasin mediaciónbn 2rdacarrieravolumenbnc aInventariado, 2023 / DG1 aAlfonso, Clara Leylaeedición944206 aDG 2ddccLBS1 00102ddc51708PDaBNPHUbBNPHUcCTd2023-05-30edonado por Manuel Ortízl0oBNPHU PD xxx C966p2023-2110r2023-05-30w2023-05-30yLBS1 c53650d53650